000 00375nam a22001337a 4500
020 _qPB.
040 _cFIZZA ISHAQ
082 _a001.4
_bHUC
100 _a Huck , Schuyler W.
_9111921
245 _aReading statistics and research /
_c Schuyler W. Huck.
260 _aNew York :
_bHarper & Row,
_c1974.
300 _ax, 387 p. : ill. ;
_c9.2 x 6 inches,
942 _2ddc
_cBK
999 _c617072
_d617072